The Avengers Movie Characters - Statistics

General Stats
  • This quiz has been taken 635 times
  • The average score is 9 of 13
Answer Stats
# Answer % Correct
2 Iron Man
99%
4 Hulk
97%
1 Captain America
95%
3 Thor
95%
6 Black Widow
93%
5 Hawkeye
89%
7 Loki
71%
8 Nick Fury
71%
10 Agent Maria Hill
52%
9 Agent Phil Coulson
45%
12 Pepper Potts
29%
13 JARVIS
12%
11 Selvig
12%
No matching quizzes found
Score Distribution
Percent of People with Each Score
Percentile by Number Answered
Your Score History
You have not taken this quiz